Central Library OPAC University of Rajshahi

Democracy in America / (Record no. 40995)

MARC details
000 -LEADER
fixed length control field 01074nam a22003011a 4500
001 - CONTROL NUMBER
control field 40995
003 - CONTROL NUMBER IDENTIFIER
rucl marc code BD-RjUL
005 - DATE AND TIME OF LATEST TRANSACTION
control field 20211209053318.0
008 - FIXED-LENGTH DATA ELEMENTS--GENERAL INFORMATION
fixed length control field 730719s19651946nyu b 000 0 eng
035 ## - SYSTEM CONTROL NUMBER
System control number (BD-RjUL)41111
040 ## - CATALOGING SOURCE
Original cataloging agency LC
Language of cataloging eng
Transcribing agency LC
Modifying agency LC
041 1# - LANGUAGE CODE
Language code of text/sound track or separate title engfre
082 00 - DEWEY DECIMAL CLASSIFICATION NUMBER
Classification number 321.873
Edition number 20
Author mark and year TOD 1965
100 10 - MAIN ENTRY--PERSONAL NAME
Personal name Tocqueville, Alexis de,
9 (RLIN) 125541
245 10 - TITLE STATEMENT
Title Democracy in America /
Statement of responsibility, etc. Edited by J. P. Mayer and Max Lerner. A new translation by George Lawrence.
260 ## - PUBLICATION, DISTRIBUTION, ETC. (IMPRINT)
Place of publication, distribution, etc. New York :
Name of publisher, distributor, etc. Harper & Row,
Date of publication, distribution, etc. 1946 [1965]
300 ## - PHYSICAL DESCRIPTION
Pagination xxviii, 599 P. ;
Size 24 cm.
500 ## - GENERAL NOTE
General note "Text is based on the second revised and corrected text of [Mayer's] 1961 French edition."
504 ## - BIBLIOGRAPHY, ETC. NOTE
Bibliography, etc "Notes on further reading": p. 776-784.
Bibliography, etc Bibliographical footnotes.
650 #0 - SUBJECT ADDED ENTRY--TOPICAL TERM
Topical term or geographic name as entry element Democracy
Geographic subdivision United States
9 (RLIN) 126159
651 #0 - SUBJECT ADDED ENTRY--GEOGRAPHIC NAME
Geographic name United States
General subdivision Social conditions
Chronological subdivision To 1865.
9 (RLIN) 126160
700 1# - ADDED ENTRY--PERSONAL NAME
Personal name Lerner, Max,
Personal name Mayer, J. P.
Fuller form of name (Jacob Peter),
942 ## - ADDED ENTRY ELEMENTS (KOHA)
Source of classification or shelving scheme Dewey Decimal Classification
Koha item type Books
Holdings
Lost status Source of classification or shelving scheme Damaged status Not for loan Collection code Permanent Location Current Location Shelving location Date acquired Source of acquisition Cost, normal purchase price Total Checkouts Full call number Date last seen Copy number Koha item type
  Dewey Decimal Classification     Non-fiction Central Library, University of Rajshahi Central Library, University of Rajshahi   07/06/1987 Zaithing 12.60   321.873 TOD 1965 14/05/2016 C-2 Books